logo

Bir Sreshtho Munshi Abdur Rouf Library
Jhenaidah Cadet College

Three Tang Dynasty Poets / (Record no. 14362)

MARC details
000 -LEADER
fixed length control field 00675nam a22002417a 4500
001 - CONTROL NUMBER
JCCL Control Number 14362
003 - CONTROL NUMBER IDENTIFIER
JCCL marc code BD-JhCC
005 - DATE AND TIME OF LATEST TRANSACTION
control field 20250714100002.0
008 - FIXED-LENGTH DATA ELEMENTS--GENERAL INFORMATION
fixed length control field 250714b |||||||| |||| 00| 0 eng d
020 ## - INTERNATIONAL STANDARD BOOK NUMBER
International Standard Book Number 9780141398204
035 ## - SYSTEM CONTROL NUMBER
system control number (BD-JhCC)14362
040 ## - CATALOGING SOURCE
Original cataloging agency BD-JhCC
Modifying agency BD-JhCC
041 ## - LANGUAGE CODE
Language code of Book eng
082 ## - DEWEY DECIMAL CLASSIFICATION NUMBER
DDC Edition number 23
Classification number 821.1
Author mark and Year THR 2015
245 ## - TITLE STATEMENT
Title Three Tang Dynasty Poets /
Statement of responsibility, etc Translated by G.W. Robinson and Arthur Cooper
260 ## - PUBLICATION, DISTRIBUTION, ETC. (IMPRINT)
Place of publication, distribution, etc India:
Name of publisher, distributor, etc Penguin Classics,
Date of publication, distribution, etc 2015
300 ## - PHYSICAL DESCRIPTION
Pagination 53p.;
Dimensions 16 cm.
Accompanying material Paper binding
490 ## - SERIES STATEMENT
Series statement Penguin Little Black Classics
Volume number/sequential designation 09
650 ## - SUBJECT ADDED ENTRY--TOPICAL TERM
Topical term or geographic name as entry element English poetry
700 ## - ADDED ENTRY--PERSONAL NAME
Personal name Robinson, G.W.
700 ## - ADDED ENTRY--PERSONAL NAME
Personal name Cooper, Arthur
942 ## - ADDED ENTRY ELEMENTS (KOHA)
Source of classification or shelving scheme Dewey Decimal Classification
Koha item type Books
Holdings
Source of classification or shelving scheme Damaged status Not for loan Home library Current library Shelving location Date of accession Cost, normal purchase price Total Checkouts Full call number Barcode Date last seen Copy number Koha item type
Dewey Decimal Classification     JCC Rouf Library JCC Rouf Library General Stacks   80.00   821.1 THR 2015 20112 07/14/2025 C-1 Books

JCC Library | Contacts | JCC Home

Last Update on 23 September 2017
Copyright @ 2017-2020 JCC Rouf Library
Rouf Library, Jhenidah Cadet College (JCC), Bangladesh